[Event "Winnipeg TNT July op"]
[Site "Winnipeg CAN"]
[Date "2007.07.17"]
[Round "3"]
[White "Nikouline, Alexandre"]
[Black "Van Wyk, Joseph"]
[Result "1-0"]
[WhiteElo "2118"]
[BlackElo "1905"]
[PlyCount "109"]
[GameId "2160767910667613"]
[EventDate "2007.07.03"]
[EventType "swiss"]
[EventRounds "5"]
[EventCountry "CAN"]
[SourceTitle "EXT 2019"]
[Source "ChessBase"]
[SourceDate "2018.10.10"]
[SourceVersion "1"]
[SourceVersionDate "2018.10.10"]
[SourceQuality "1"]

1. e4 c6 2. d4 d5 3. e5 Bf5 4. Nf3 e6 5. Be2 Nd7 6. O-O c5 7. c3 Qa5 8. Nbd2 Rc8 9. Nh4 Ne7 10. g4 Bg6 11. f4 cxd4 12. f5 exf5 13. gxf5 dxc3 14. Nb3 cxb2 15. Bxb2 Qb4 16. Qd4 Nc6 17. Qxb4 Nxb4 18. Rac1 Rxc1 19. Rxc1 Kd8 20. a3 Nc6 21. fxg6 hxg6 22. Nf3 a6 23. Rd1 Nb6 24. Ng5 Ke8 25. Rf1 Na4 26. Bc1 Nxe5 27. Na5 Nc3 28. Re1 Bc5+ 29. Kg2 Nxe2 30. Rxe2 f6 31. Nxb7 Bb6 32. Rb2 Bd4 33. Rd2 Be3 34. Rc2 Nc4 35. Re2 d4 36. Rc2 Nb6 37. Bxe3 dxe3 38. Ne6 Kd7 39. Nec5+ Kc6 40. Na5+ Kd5 41. Nxa6 Kd4 42. Nb3+ Kd3 43. Nb4+ Ke4 44. Rc6 Nd7 45. Rc4+ Kf5 46. Nd4+ Kg5 47. Nf3+ Kf5 48. Nc2 Re8 49. a4 g5 50. a5 g4 51. Nfd4+ Ke4 52. Ne1 Ne5 53. Ra4 f5 54. Nb5+ Kd5 55. Nc7+ 1-0

[Event "Winnipeg TNT July op"]
[Site "Winnipeg CAN"]
[Date "2007.07.17"]
[Round "3"]
[White "Pang, Michael"]
[Black "Raihman, Daniel"]
[Result "0-1"]
[WhiteElo "1220"]
[BlackElo "1781"]
[PlyCount "100"]
[GameId "2160767910667614"]
[EventDate "2007.07.03"]
[EventType "swiss"]
[EventRounds "5"]
[EventCountry "CAN"]
[SourceTitle "EXT 2019"]
[Source "ChessBase"]
[SourceDate "2018.10.10"]
[SourceVersion "1"]
[SourceVersionDate "2018.10.10"]
[SourceQuality "1"]

1. d4 d5 2. c4 e6 3. Nc3 Nf6 4. Nf3 Be7 5. Bf4 O-O 6. e3 b6 7. Bd3 Bb7 8. O-O Nbd7 9. Nb5 c5 10. Bc7 Qc8 11. Bd6 Bxd6 12. Nxd6 Qc7 13. Nxb7 Qxb7 14. b3 Rfe8 15. Ne5 Rad8 16. Qc2 h6 17. f3 Nxe5 18. dxe5 Nd7 19. Qc3 d4 20. exd4 cxd4 21. Qxd4 Nc5 22. Qe3 Rxd3 23. Qf4 Red8 24. b4 R8d4 25. Qc1 Nd7 26. Re1 Qc6 27. Qc2 Qxc4 28. Qxc4 Rxc4 29. Rab1 Rd5 30. Rbd1 Rxd1 31. Rxd1 Nxe5 32. Rd8+ Kh7 33. Ra8 Nd3 34. Kf1 Rc1+ 35. Ke2 Nxb4 36. Rxa7 Kg6 37. a3 Nd5 38. Ra6 Rc2+ 39. Kf1 Ne3+ 40. Kg1 Rxg2+ 41. Kh1 Rf2 42. h4 Nd5 43. Ra4 Rxf3 44. Rg4+ Kh7 45. a4 Rf4 46. Rxf4 Nxf4 47. Kg1 Nd5 48. Kf2 Nc3 49. h5 Nxa4 50. Ke3 f5 0-1

[Event "Winnipeg TNT July op"]
[Site "Winnipeg CAN"]
[Date "2007.07.17"]
[Round "3"]
[White "Rutter, Blair"]
[Black "Raihman, Igal"]
[Result "0-1"]
[WhiteElo "1889"]
[BlackElo "1978"]
[PlyCount "100"]
[GameId "2160767910667615"]
[EventDate "2007.07.03"]
[EventType "swiss"]
[EventRounds "5"]
[EventCountry "CAN"]
[SourceTitle "EXT 2019"]
[Source "ChessBase"]
[SourceDate "2018.10.10"]
[SourceVersion "1"]
[SourceVersionDate "2018.10.10"]
[SourceQuality "1"]

1. c4 e6 2. g3 d5 3. cxd5 exd5 4. Bg2 Nf6 5. d4 h6 6. Nc3 Bb4 7. Bd2 Nc6 8. e3 O-O 9. Nf3 Bf5 10. O-O Re8 11. Qb3 Bd3 12. Rfe1 Bc4 13. Qc2 Bd6 14. Nh4 Nb4 15. Qf5 Bd3 16. e4 Nc2 17. Nxd5 Nxd5 18. Qxd5 Nxa1 19. Rxa1 Be7 20. Qb3 Qxd4 21. Nf5 Qc4 22. Qxb7 Bf6 23. Rc1 Qxa2 24. Bxh6 gxh6 25. Nxh6+ Kh7 26. Nf5 Bxb2 27. Rd1 Be2 28. Re1 Bc3 29. Qc6 Bg7 30. h4 Qc4 31. e5 Qxc6 32. Bxc6 Bg4 33. Nxg7 Kxg7 34. f3 Bxf3 35. Bxf3 Rab8 36. Rc1 Re7 37. Ra1 c5 38. Bg4 c4 39. Rc1 Rc7 40. e6 fxe6 41. Bxe6 c3 42. Bf5 a5 43. Kf2 a4 44. Ke3 a3 45. Bc2 Rd8 46. Ra1 Rd2 47. Ra2 Re7+ 48. Kf4 Ra7 49. Ke3 Rxc2 50. Rxc2 a2 0-1

[Event "Winnipeg TNT July op"]
[Site "Winnipeg CAN"]
[Date "2007.07.17"]
[Round "3"]
[White "Tang, Edward"]
[Black "Zhou, Lu"]
[Result "1-0"]
[WhiteElo "2059"]
[BlackElo "1849"]
[PlyCount "65"]
[GameId "2160767910667616"]
[EventDate "2007.07.03"]
[EventType "swiss"]
[EventRounds "5"]
[EventCountry "CAN"]
[SourceTitle "EXT 2019"]
[Source "ChessBase"]
[SourceDate "2018.10.10"]
[SourceVersion "1"]
[SourceVersionDate "2018.10.10"]
[SourceQuality "1"]

1. d4 d5 2. c4 e6 3. Nc3 Nf6 4. Bg5 Nbd7 5. e3 c6 6. Nf3 Qa5 7. cxd5 exd5 8. Bd3 Bd6 9. O-O O-O 10. a3 h6 11. Bh4 Qd8 12. h3 a5 13. Rb1 g5 14. Nxg5 hxg5 15. Bxg5 Be7 16. Bh6 Re8 17. Qf3 Bf8 18. Qg3+ Kh8 19. Qh4 Bxh6 20. Qxh6+ Kg8 21. Qg5+ Kh8 22. Qh4+ Kg7 23. f3 Nf8 24. Rbd1 Be6 25. Qf2 Ng6 26. f4 Bd7 27. f5 Nf8 28. g4 Ne4 29. Bxe4 dxe4 30. f6+ Kg8 31. Qf4 Ng6 32. Qh6 Qc7 33. Qg7# 1-0

[Event "Winnipeg TNT July op"]
[Site "Winnipeg CAN"]
[Date "2007.07.24"]
[Round "4"]
[White "Lange, John"]
[Black "Pang, Michael"]
[Result "0-1"]
[WhiteElo "1379"]
[BlackElo "1220"]
[PlyCount "108"]
[GameId "2160767910667617"]
[EventDate "2007.07.03"]
[EventType "swiss"]
[EventRounds "5"]
[EventCountry "CAN"]
[SourceTitle "EXT 2019"]
[Source "ChessBase"]
[SourceDate "2018.10.10"]
[SourceVersion "1"]
[SourceVersionDate "2018.10.10"]
[SourceQuality "1"]

1. d4 Nf6 2. c4 g6 3. Nc3 Bg7 4. e3 d6 5. Bd3 O-O 6. Nge2 e5 7. O-O Re8 8. b3 e4 9. Bc2 c6 10. Bb2 d5 11. cxd5 cxd5 12. Rc1 Nc6 13. a3 b6 14. b4 Bb7 15. Ba4 Rc8 16. Nf4 Re7 17. Qb3 Nb8 18. Nb5 Nc6 19. Nc3 Nb8 20. Nce2 Nc6 21. Rc3 a6 22. b5 Na5 23. Rxc8 Bxc8 24. Qb4 Nc4 25. Rc1 Rc7 26. Qc3 Bd7 27. Qb4 a5 28. Qc3 Qe8 29. Bb3 Bxb5 30. Bxc4 Rxc4 31. Qd2 g5 32. Nh3 h6 33. Nc3 Ba6 34. Kh1 Qc6 35. a4 Ng4 36. Ba3 Bf8 37. Bxf8 Kxf8 38. Qb2 Rb4 39. Qa3 Bc4 40. Na2 Qxa4 41. Qxa4 Rxa4 42. Nc3 Rb4 43. Kg1 Ke7 44. f3 exf3 45. gxf3 Nxe3 46. Nd1 Nxd1 47. Rxd1 a4 48. Nf2 a3 49. Re1+ Kd6 50. Ng4 a2 51. Nxh6 Rb1 52. Nxf7+ Kc7 53. Nxg5 Rxe1+ 54. Kf2 a1=Q 0-1

[Event "Winnipeg TNT July op"]
[Site "Winnipeg CAN"]
[Date "2007.07.24"]
[Round "4"]
[White "Lauritson, Jim"]
[Black "Tang, Edward"]
[Result "1/2-1/2"]
[WhiteElo "1929"]
[BlackElo "2059"]
[PlyCount "95"]
[GameId "2160767910667618"]
[EventDate "2007.07.03"]
[EventType "swiss"]
[EventRounds "5"]
[EventCountry "CAN"]
[SourceTitle "EXT 2019"]
[Source "ChessBase"]
[SourceDate "2018.10.10"]
[SourceVersion "1"]
[SourceVersionDate "2018.10.10"]
[SourceQuality "1"]

1. d4 Nf6 2. c4 g6 3. Nf3 Bg7 4. g3 O-O 5. Bg2 d6 6. Nc3 Nc6 7. O-O e5 8. e4 Bg4 9. Be3 exd4 10. Bxd4 Nxd4 11. Qxd4 Nd7 12. Qd2 Nc5 13. Nd4 Qf6 14. Nde2 c6 15. Rad1 Rad8 16. h3 Bf3 17. Qe3 Bxg2 18. Kxg2 Qe6 19. b3 Rfe8 20. f3 f5 21. Rfe1 fxe4 22. fxe4 Qe5 23. Nd4 d5 24. cxd5 cxd5 25. b4 dxe4 26. bxc5 Rxd4 27. Rxd4 Qxd4 28. Qxd4 Bxd4 29. Nxe4 Kg7 30. Kf3 Bxc5 31. Rd1 Rf8+ 32. Kg2 Bb4 33. Rd4 a5 34. Ng5 Re8 35. Kf3 Re7 36. h4 h6 37. Ne4 Rc7 38. Rd3 Kf7 39. g4 Ke7 40. h5 gxh5 41. gxh5 a4 42. Ng3 Kf6 43. Kg4 Rc4+ 44. Kf3 Ke5 45. Re3+ Kf6 46. Rd3 Ke5 47. Re3+ Kf6 48. Rd3 1/2-1/2

[Event "Winnipeg TNT July op"]
[Site "Winnipeg CAN"]
[Date "2007.07.24"]
[Round "4"]
[White "Lipic, Stephen"]
[Black "Gibson, Fred"]
[Result "1-0"]
[WhiteElo "1636"]
[BlackElo "1334"]
[PlyCount "23"]
[GameId "2160767910667619"]
[EventDate "2007.07.03"]
[EventType "swiss"]
[EventRounds "5"]
[EventCountry "CAN"]
[SourceTitle "EXT 2019"]
[Source "ChessBase"]
[SourceDate "2018.10.10"]
[SourceVersion "1"]
[SourceVersionDate "2018.10.10"]
[SourceQuality "1"]

1. f4 d5 2. e3 Nf6 3. Nf3 Bg4 4. h3 Bh5 5. g4 Nxg4 6. hxg4 Bxg4 7. Be2 Nc6 8. b3 Qd6 9. Bb2 O-O-O 10. Ng5 Qg6 11. Bxg4+ e6 12. Bh5 1-0

[Event "Winnipeg TNT July op"]
[Site "Winnipeg CAN"]
[Date "2007.07.24"]
[Round "4"]
[White "Raihman, Daniel"]
[Black "Boron, Anthony"]
[Result "0-1"]
[WhiteElo "1781"]
[BlackElo "1962"]
[PlyCount "70"]
[GameId "2160767910667621"]
[EventDate "2007.07.03"]
[EventType "swiss"]
[EventRounds "5"]
[EventCountry "CAN"]
[SourceTitle "EXT 2019"]
[Source "ChessBase"]
[SourceDate "2018.10.10"]
[SourceVersion "1"]
[SourceVersionDate "2018.10.10"]
[SourceQuality "1"]

1. e4 c5 2. Nf3 Nc6 3. d4 cxd4 4. Nxd4 Nf6 5. Nc3 e6 6. Ndb5 Bb4 7. a3 Bc5 8. Nd6+ Ke7 9. Bf4 e5 10. Nf5+ Kf8 11. Bg5 h6 12. Bxf6 Qxf6 13. Nd5 Qg6 14. b4 Bd6 15. Nb6 axb6 16. Qxd6+ Qxd6 17. Nxd6 Nxb4 18. O-O-O Nc6 19. Nxc8 Rxc8 20. Rxd7 Nd4 21. Rxb7 Rxc2+ 22. Kb1 g5 23. f3 Rc6 24. h4 gxh4 25. Rxh4 Kg7 26. Rh5 Rhc8 27. Bd3 Rc3 28. Rxb6 Rxd3 29. Rxe5 Rd1+ 30. Ka2 Rc2+ 31. Rb2 Rcc1 32. Rf2 Ra1+ 33. Kb2 Rdb1+ 34. Kc3 Nb5+ 35. Kd3 Rxa3+ 0-1

[Event "Winnipeg TNT July op"]
[Site "Winnipeg CAN"]
[Date "2007.07.24"]
[Round "4"]
[White "Raihman, Igal"]
[Black "Nikouline, Alexandre"]
[Result "0-1"]
[WhiteElo "1978"]
[BlackElo "2118"]
[PlyCount "82"]
[GameId "2160767910667622"]
[EventDate "2007.07.03"]
[EventType "swiss"]
[EventRounds "5"]
[EventCountry "CAN"]
[SourceTitle "EXT 2019"]
[Source "ChessBase"]
[SourceDate "2018.10.10"]
[SourceVersion "1"]
[SourceVersionDate "2018.10.10"]
[SourceQuality "1"]

1. e4 e5 2. Nf3 Nc6 3. Bb5 a6 4. Bxc6 dxc6 5. O-O Qd6 6. d3 f6 7. Be3 Be6 8. Nfd2 g5 9. Nb3 b6 10. Nc3 Ne7 11. d4 Ng6 12. dxe5 Nxe5 13. f4 Nc4 14. Bc1 Qxd1 15. Nxd1 Be7 16. Kh1 O-O-O 17. c3 c5 18. fxg5 fxg5 19. Ne3 Rhf8 20. Re1 Ne5 21. Kg1 Nd3 22. Re2 Nf4 23. Re1 a5 24. Nd2 Nd3 25. Re2 Bd6 26. Ndc4 Bf4 27. b3 Bxc4 28. bxc4 Nxc1 29. Rxc1 Rd3 30. Rce1 Rxc3 31. Nd5 Rxc4 32. e5 Rd4 33. Nf6 Bxe5 34. Rxe5 Rxf6 35. Rxg5 c4 36. h3 c3 37. Rc1 Rc6 38. Kf1 Rd2 39. h4 Rf6+ 40. Ke1 Re6+ 41. Kf1 c2 0-1

[Event "Winnipeg TNT July op"]
[Site "Winnipeg CAN"]
[Date "2007.07.24"]
[Round "4"]
[White "Van Wyk, Joseph"]
[Black "Atem, James"]
[Result "1-0"]
[WhiteElo "1905"]
[BlackElo "1731"]
[PlyCount "109"]
[GameId "2160767910667623"]
[EventDate "2007.07.03"]
[EventType "swiss"]
[EventRounds "5"]
[EventCountry "CAN"]
[SourceTitle "EXT 2019"]
[Source "ChessBase"]
[SourceDate "2018.10.10"]
[SourceVersion "1"]
[SourceVersionDate "2018.10.10"]
[SourceQuality "1"]

1. e4 e5 2. Nf3 Qe7 3. Nc3 c6 4. d4 d6 5. Bg5 Nf6 6. Bc4 Bg4 7. d5 c5 8. h3 Bd7 9. Qe2 a6 10. a4 g6 11. a5 Bg7 12. O-O O-O 13. Rfb1 Qd8 14. b4 cxb4 15. Rxb4 Qc7 16. Be3 Bc8 17. Na4 Qxa5 18. Rb6 Nxe4 19. Rbb1 Qd8 20. Bb6 Qe7 21. Qxe4 Nd7 22. Ra3 Nf6 23. Qh4 Bf5 24. Ne1 Rfc8 25. Bb3 Qe8 26. Be3 Rab8 27. Nb6 Rc3 28. Ba4 Bd7 29. Bxd7 Nxd7 30. Rxc3 Nxb6 31. Bxb6 e4 32. Rc7 Qe5 33. c4 Re8 34. Rxb7 Qc3 35. Be3 Be5 36. Rb8 Qxe1+ 37. Rxe1 Rxb8 38. Bh6 f6 39. Qg4 f5 40. Qg5 Kf7 41. Qd2 Kf6 42. Bg5+ Kg7 43. Qa5 Rc8 44. Qxa6 Rc7 45. Rb1 h6 46. Bd8 Rf7 47. Rb7 f4 48. Rxf7+ Kxf7 49. Qb7+ Kg8 50. Be7 e3 51. fxe3 fxe3 52. c5 e2 53. Kf2 e1=Q+ 54. Kxe1 Bc3+ 55. Ke2 1-0

[Event "Winnipeg TNT July op"]
[Site "Winnipeg CAN"]
[Date "2007.07.31"]
[Round "5"]
[White "Atem, James"]
[Black "Lipic, Stephen"]
[Result "1-0"]
[WhiteElo "1731"]
[BlackElo "1636"]
[PlyCount "82"]
[GameId "2160767910667625"]
[EventDate "2007.07.03"]
[EventType "swiss"]
[EventRounds "5"]
[EventCountry "CAN"]
[SourceTitle "EXT 2019"]
[Source "ChessBase"]
[SourceDate "2018.10.10"]
[SourceVersion "1"]
[SourceVersionDate "2018.10.10"]
[SourceQuality "1"]

1. d4 f5 2. Nf3 Nf6 3. Bg5 e6 4. Nbd2 Be7 5. e3 O-O 6. Bd3 d5 7. Qe2 c6 8. Ne5 Nbd7 9. Ndf3 Nxe5 10. Nxe5 Nd7 11. Bxe7 Qxe7 12. Nf3 Nf6 13. c3 Bd7 14. h3 Be8 15. Qc2 Ne4 16. Ne5 Nd6 17. g4 Bg6 18. Nxg6 hxg6 19. O-O-O e5 20. gxf5 e4 21. Be2 gxf5 22. Bh5 Qg5 23. Qe2 f4 24. Rdg1 Qh6 25. Rg6 f3 26. Rxh6 fxe2 27. Rxd6 Rxf2 28. Re1 Rh2 29. Bg4 Rf8 30. Rxe2 Rf1+ 31. Kd2 Rxe2+ 32. Bxe2 Rf2 33. Ke1 Rh2 34. Rd7 Rxh3 35. Kd2 g5 36. Rxb7 Rh2 37. Ke1 Rh4 38. Rxa7 g4 39. Rc7 g3 40. Rxc6 Rh1+ 41. Kd2 g2 1-0

[Event "Winnipeg TNT July op"]
[Site "Winnipeg CAN"]
[Date "2007.07.31"]
[Round "5"]
[White "Boron, Anthony"]
[Black "Lauritson, Jim"]
[Result "1/2-1/2"]
[WhiteElo "1962"]
[BlackElo "1929"]
[PlyCount "98"]
[GameId "2160767910667626"]
[EventDate "2007.07.03"]
[EventType "swiss"]
[EventRounds "5"]
[EventCountry "CAN"]
[SourceTitle "EXT 2019"]
[Source "ChessBase"]
[SourceDate "2018.10.10"]
[SourceVersion "1"]
[SourceVersionDate "2018.10.10"]
[SourceQuality "1"]

1. e4 c5 2. Nf3 e6 3. d4 cxd4 4. Nxd4 Nc6 5. Nc3 a6 6. Nxc6 bxc6 7. Bd3 d5 8. O-O Nf6 9. Re1 Qb6 10. Na4 Qa5 11. c3 Bb7 12. e5 Nd7 13. b4 Qc7 14. Bf4 a5 15. a3 Ba6 16. Nb2 Qb7 17. Qc2 Bxd3 18. Nxd3 Be7 19. Bg3 O-O 20. h4 Ra6 21. h5 Rfa8 22. Rab1 axb4 23. axb4 Ra2 24. Rb2 Qa6 25. Reb1 Qc4 26. Nc1 R2a3 27. Rb3 h6 28. Qb2 Rxb3 29. Nxb3 Qg4 30. Nd4 Rc8 31. Qa2 Qe4 32. f3 Qe3+ 33. Kh2 Qxc3 34. Qa6 Rc7 35. Qa5 Rb7 36. Qa6 Rb6 37. Qc8+ Nf8 38. Bf2 Rxb4 39. Nxc6 Kh7 40. Rxb4 Bxb4 41. Qe8 Ba3 42. Bd4 Qc2 43. Qa8 Bc5 44. Bxc5 Qxc5 45. Qe8 d4 46. Ne7 Qxe5+ 47. Kg1 Qe1+ 48. Kh2 Qh4+ 49. Kg1 Qe1+ 1/2-1/2

[Event "Winnipeg TNT July op"]
[Site "Winnipeg CAN"]
[Date "2007.07.31"]
[Round "5"]
[White "Campbell, Gary"]
[Black "Raihman, Daniel"]
[Result "0-1"]
[WhiteElo "1710"]
[BlackElo "1781"]
[PlyCount "61"]
[GameId "2160767910667627"]
[EventDate "2007.07.03"]
[EventType "swiss"]
[EventRounds "5"]
[EventCountry "CAN"]
[SourceTitle "EXT 2019"]
[Source "ChessBase"]
[SourceDate "2018.10.10"]
[SourceVersion "1"]
[SourceVersionDate "2018.10.10"]
[SourceQuality "1"]

1. d4 d5 2. c4 e6 3. Nc3 Nf6 4. Bg5 Be7 5. e3 O-O 6. Rc1 b6 7. cxd5 Nxd5 8. Bxe7 Qxe7 9. Nxd5 exd5 10. Bd3 Na6 11. a3 c5 12. Nf3 c4 13. Bb1 Nc7 14. O-O Ba6 15. Re1 Nb5 16. e4 c3 17. exd5 Qd6 18. bxc3 Nxa3 19. Bd3 Nc4 20. Qb3 Na5 21. Qc2 Bxd3 22. Qxd3 Qxd5 23. c4 Qd6 24. Ng5 Qg6 25. Qxg6 hxg6 26. Re7 Nb3 27. Rd1 a5 28. d5 a4 29. d6 a3 30. d7 a2 31. Re8 0-1

[Event "Winnipeg TNT July op"]
[Site "Winnipeg CAN"]
[Date "2007.07.31"]
[Round "5"]
[White "Lange, John"]
[Black "Magnusson, Saul"]
[Result "1-0"]
[WhiteElo "1379"]
[BlackElo "915"]
[PlyCount "82"]
[GameId "2160767910667629"]
[EventDate "2007.07.03"]
[EventType "swiss"]
[EventRounds "5"]
[EventCountry "CAN"]
[SourceTitle "EXT 2019"]
[Source "ChessBase"]
[SourceDate "2018.10.10"]
[SourceVersion "1"]
[SourceVersionDate "2018.10.10"]
[SourceQuality "1"]

1. d4 d5 2. c4 e6 3. Nc3 Nf6 4. e3 Be7 5. Nf3 O-O 6. c5 a5 7. a3 b6 8. cxb6 cxb6 9. Bd3 Ba6 10. O-O Qd7 11. Ne5 Qe8 12. Bxa6 Nxa6 13. Qb3 Nd7 14. Nxd7 Qxd7 15. Na4 Qc7 16. Bd2 Rab8 17. Qb5 Qa7 18. Rac1 Rfc8 19. Rxc8+ Rxc8 20. Nxb6 Rb8 21. Bxa5 Nc7 22. Qd7 Qxa5 23. Qxc7 Qxb6 24. Qxe7 Qxb2 25. Qa7 g6 26. g3 Kg7 27. a4 Rb4 28. a5 Ra4 29. Qc7 Qd2 30. Qe5+ Kf8 31. Qh8+ Ke7 32. Qxh7 Rxa5 33. Qh4+ Kd7 34. Qf6 Ke8 35. h4 Qe2 36. Rc1 Qa6 37. g4 Qb6 38. h5 gxh5 39. gxh5 Qd8 40. Qg7 Kd7 41. Qxf7+ Qe7 1-0

[Event "Winnipeg TNT July op"]
[Site "Winnipeg CAN"]
[Date "2007.07.31"]
[Round "5"]
[White "Liu, Weixi"]
[Black "Van Wyk, Joseph"]
[Result "1-0"]
[WhiteElo "1807"]
[BlackElo "1905"]
[PlyCount "23"]
[GameId "2160767910667630"]
[EventDate "2007.07.03"]
[EventType "swiss"]
[EventRounds "5"]
[EventCountry "CAN"]
[SourceTitle "EXT 2019"]
[Source "ChessBase"]
[SourceDate "2018.10.10"]
[SourceVersion "1"]
[SourceVersionDate "2018.10.10"]
[SourceQuality "1"]

1. d4 d5 2. c4 e6 3. Nc3 c5 4. cxd5 cxd4 5. dxe6 dxc3 6. exf7+ Ke7 7. Qxd8+ Kxd8 8. fxg8=Q Rxg8 9. Bg5+ Ke8 10. bxc3 Bc5 11. e3 Bf5 12. Bb5+ 1-0

[Event "Winnipeg TNT July op"]
[Site "Winnipeg CAN"]
[Date "2007.07.31"]
[Round "5"]
[White "Nikouline, Alexandre"]
[Black "Khedkar, Jay S"]
[Result "1-0"]
[WhiteElo "2118"]
[BlackElo "2005"]
[PlyCount "45"]
[GameId "2160767910667631"]
[EventDate "2007.07.03"]
[EventType "swiss"]
[EventRounds "5"]
[EventCountry "CAN"]
[SourceTitle "EXT 2019"]
[Source "ChessBase"]
[SourceDate "2018.10.10"]
[SourceVersion "1"]
[SourceVersionDate "2018.10.10"]
[SourceQuality "1"]

1. e4 e5 2. Nf3 d6 3. d4 Nd7 4. Bc4 Be7 5. O-O h6 6. Be3 Ngf6 7. Nbd2 Ng4 8. h3 Nxe3 9. fxe3 c6 10. Nxe5 Nxe5 11. dxe5 d5 12. exd5 cxd5 13. Qf3 dxc4 14. Qxf7+ Kd7 15. Ne4 Kc7 16. Rad1 Qe8 17. Qxc4+ Kb8 18. e6 Qg6 19. Nc5 Qg5 20. Nd7+ Bxd7 21. Rxd7 Qxe3+ 22. Kh1 Rc8 23. Qd5 1-0

[Event "Winnipeg TNT July op"]
[Site "Winnipeg CAN"]
[Date "2007.07.31"]
[Round "5"]
[White "Pang, Michael"]
[Black "Rutter, Blair"]
[Result "0-1"]
[WhiteElo "1220"]
[BlackElo "1889"]
[PlyCount "102"]
[GameId "2160767910667632"]
[EventDate "2007.07.03"]
[EventType "swiss"]
[EventRounds "5"]
[EventCountry "CAN"]
[SourceTitle "EXT 2019"]
[Source "ChessBase"]
[SourceDate "2018.10.10"]
[SourceVersion "1"]
[SourceVersionDate "2018.10.10"]
[SourceQuality "1"]

1. d4 e6 2. c4 f5 3. Nc3 Nf6 4. Bg5 Bb4 5. a3 Bxc3+ 6. bxc3 O-O 7. Nf3 Qe8 8. Bxf6 Rxf6 9. g3 d6 10. d5 e5 11. Bg2 Nd7 12. O-O h6 13. Re1 Nc5 14. Nd2 Bd7 15. e4 f4 16. Nf1 Qg6 17. f3 Raf8 18. Qd2 h5 19. Kf2 fxg3+ 20. hxg3 Nxe4+ 21. Rxe4 Qxe4 22. Qe2 Qg6 23. Re1 Bf5 24. Kg1 Bd3 25. Qf2 Bxf1 26. Rxf1 b6 27. Kh2 Qd3 28. Rc1 Qxc4 29. Qd2 h4 30. Re1 hxg3+ 31. Kxg3 Rg6+ 32. Kf2 Qh4+ 33. Kf1 Qh2 34. Re3 e4 35. Qc2 Rg3 36. Qf2 exf3 37. Bxf3 Qxf2+ 38. Kxf2 Rgxf3+ 39. Rxf3 Rxf3+ 40. Kxf3 Kf7 41. Kf4 Kf6 42. c4 a6 43. Ke4 b5 44. cxb5 axb5 45. Kd4 Kf5 46. Kc3 g5 47. Kb4 g4 48. Kxb5 g3 49. a4 g2 50. a5 g1=Q 51. a6 Qb6+ 0-1

[Event "Winnipeg TNT July op"]
[Site "Winnipeg CAN"]
[Date "2007.07.31"]
[Round "5"]
[White "Tang, Edward"]
[Black "Pottinger, Carl"]
[Result "1-0"]
[WhiteElo "2059"]
[BlackElo "1856"]
[PlyCount "61"]
[GameId "2160767910667633"]
[EventDate "2007.07.03"]
[EventType "swiss"]
[EventRounds "5"]
[EventCountry "CAN"]
[SourceTitle "EXT 2019"]
[Source "ChessBase"]
[SourceDate "2018.10.10"]
[SourceVersion "1"]
[SourceVersionDate "2018.10.10"]
[SourceQuality "1"]

1. d4 Nf6 2. c4 e6 3. Nc3 Bb4 4. a3 Bxc3+ 5. bxc3 Ne4 6. Qc2 f5 7. Nh3 b6 8. f3 Nf6 9. e4 fxe4 10. fxe4 d5 11. Bg5 h6 12. Bh4 g5 13. Nxg5 hxg5 14. Bxg5 dxe4 15. Be2 Nbd7 16. O-O Bb7 17. Rf4 Qe7 18. Raf1 Rf8 19. Bh5+ Nxh5 20. Rxf8+ Qxf8 21. Rxf8+ Nxf8 22. g4 Ng7 23. Qf2 Nh7 24. Bh6 O-O-O 25. Qf7 Rf8 26. Qxg7 e3 27. Qxh7 e2 28. Qb1 Rf6 29. Be3 Rf3 30. Bf2 Ba6 31. Qe4 1-0

[Event "Winnipeg TNT June op"]
[Site "Winnipeg CAN"]
[Date "2007.06.05"]
[Round "1"]
[White "Atem, James"]
[Black "Magnusson, Saul"]
[Result "1-0"]
[WhiteElo "1715"]
[BlackElo "915"]
[PlyCount "49"]
[GameId "2160767910667729"]
[EventDate "2007.06.05"]
[EventType "swiss"]
[EventRounds "4"]
[EventCountry "CAN"]
[SourceTitle "EXT 2019"]
[Source "ChessBase"]
[SourceDate "2018.10.10"]
[SourceVersion "1"]
[SourceVersionDate "2018.10.10"]
[SourceQuality "1"]

1. d4 d5 2. Nf3 Nf6 3. c3 c5 4. dxc5 e6 5. b4 a5 6. Ba3 Ne4 7. Qc2 g6 8. e3 Bg7 9. Bd3 Nf6 10. b5 Nbd7 11. Nbd2 Qe7 12. O-O Nxc5 13. Nb3 b6 14. Ne5 Bb7 15. Nc6 Qc7 16. Nxc5 Bxc6 17. Na6 Rxa6 18. bxc6 Ng4 19. g3 Ra8 20. Bb5 h5 21. e4 d4 22. h3 h4 23. hxg4 h3 24. f4 h2+ 25. Kh1 1-0

[Event "Winnipeg TNT June op"]
[Site "Winnipeg CAN"]
[Date "2007.06.05"]
[Round "1"]
[White "Boron, Anthony"]
[Black "Campbell, Gary"]
[Result "1-0"]
[WhiteElo "1999"]
[BlackElo "1611"]
[PlyCount "77"]
[GameId "2160767910667730"]
[EventDate "2007.06.05"]
[EventType "swiss"]
[EventRounds "4"]
[EventCountry "CAN"]
[SourceTitle "EXT 2019"]
[Source "ChessBase"]
[SourceDate "2018.10.10"]
[SourceVersion "1"]
[SourceVersionDate "2018.10.10"]
[SourceQuality "1"]

1. d4 d5 2. c4 e6 3. Nc3 Nf6 4. Bg5 Be7 5. cxd5 exd5 6. Qc2 O-O 7. e3 h6 8. Bxf6 Bxf6 9. Bd3 c6 10. Nge2 Na6 11. a3 Nc7 12. O-O Re8 13. Ng3 Bd7 14. Nf5 Bxf5 15. Bxf5 Re7 16. Na4 Ne8 17. Bh7+ Kh8 18. Bd3 Nd6 19. Rac1 Rc8 20. Rfd1 Qe8 21. b4 b5 22. Nc5 Nc4 23. Bxc4 bxc4 24. h3 Qd8 25. Qf5 Rb8 26. Rc2 Qc8 27. Qxc8+ Rxc8 28. Rb1 Rb8 29. Rcb2 a6 30. Kf1 Kg8 31. a4 Ra7 32. Ke2 Be7 33. Kd2 Kf8 34. f3 f5 35. e4 fxe4 36. fxe4 Bxc5 37. dxc5 Re7 38. Re1 Kf7 39. Rf1+ 1-0

[Event "Winnipeg TNT June op"]
[Site "Winnipeg CAN"]
[Date "2007.06.05"]
[Round "1"]
[White "Evans, Brian"]
[Black "Kwiatek, Jordan"]
[Result "0-1"]
[WhiteElo "1519"]
[BlackElo "1956"]
[PlyCount "53"]
[GameId "2160767910667731"]
[EventDate "2007.06.05"]
[EventType "swiss"]
[EventRounds "4"]
[EventCountry "CAN"]
[SourceTitle "EXT 2019"]
[Source "ChessBase"]
[SourceDate "2018.10.10"]
[SourceVersion "1"]
[SourceVersionDate "2018.10.10"]
[SourceQuality "1"]

1. e4 c5 2. Nf3 e6 3. d4 cxd4 4. Nxd4 a6 5. Bc4 b5 6. Bb3 Bb7 7. Qd3 Nf6 8. f3 Be7 9. Bd2 Qc7 10. a3 Nc6 11. Nxc6 dxc6 12. f4 c5 13. e5 c4 14. Qe2 Ne4 15. Ba2 Nxd2 16. Nxd2 c3 17. bxc3 Qxc3 18. O-O Bc5+ 19. Kh1 Be3 20. Nb3 Rc8 21. Rae1 Bb6 22. Qd2 Qh3 23. Re2 Rd8 24. Qc1 h5 25. Rd1 Rxd1+ 26. Qxd1 Qg4 27. Rd2 0-1